| 000 | 00343nam a22001337a 4500 | ||
|---|---|---|---|
| 050 |
_aQD1 _b.P37 |
||
| 100 | _a Parfitt, G. D . | ||
| 245 | _aPrinciples of the Colloidal State | ||
| 260 |
_aLondon _bRoyal Institute of Chemistry _c1967 |
||
| 300 | _a[1], 36 pages 22 cm. | ||
| 650 | _b Colloids | ||
| 650 | _bKolloidchemie | ||
| 942 | _cGEN | ||
| 999 |
_c3676 _d3676 |
||